000 00959nam a2200277Ia 4500
003 OSt
005 20221005103423.0
006 a|||||r|||| 00| 0
007 ta
008 221004b |||||||| |||| 00| 0 hin d
020 _a8180180859 (hbk)
_cIndian Rupees 450
024 _a38834
037 _bGift, 27/08/2018,
_cTextual
040 _aCRL
_cCRL
_bhin
041 _2hin
_ahin
082 _aO152,3N498x, P7
100 _aबिहारी, मृदुला, ले.
245 0 _aकुछ अनकही
246 _aKuchh anakahī
260 _aजयपुर
_bनेशनल पब्लिशिंग हाउस भारत
_c2007
300 _a466पृ0
_ccm.
650 _a हिन्दी साहित्य
650 _aहिन्दी कहानी
942 _hO152,3N498x, P7
_cTEXL
_2cc
999 _c1010055
_d1010055